Agricultural tenancies (Record no. 67062)

MARC details
000 -LEADER
fixed length control field 00925cam a2200217 4500
001 - CONTROL NUMBER
control field X112664
008 - FIXED-LENGTH DATA ELEMENTS--GENERAL INFORMATION
fixed length control field 000000n2001 000 0 eng u
035 ## - SYSTEM CONTROL NUMBER
System control number (Sirsi) u112664
110 ## - MAIN ENTRY--CORPORATE NAME
Corporate name or jurisdiction name as entry element Sheard
-- M
245 ## - TITLE STATEMENT
Title Agricultural tenancies
260 ## - PUBLICATION, DISTRIBUTION, ETC.
Date of publication, distribution, etc. 2001
490 ## - SERIES STATEMENT
Series statement Taxation
Volume/sequential designation 3 May 2001, 116(1)
520 ## - SUMMARY, ETC.
Summary, etc. Chris Hart and Martin Sheard Vice-Chairman and Chairman of the RICS Taxation Policy Panel commenting on agricultural tenancies refers to a statement of agreement between the RICS and VOA. NB the guidance is contained in CSM Feb 2000 Valuations and Apportionments for Taxation Purposes (Abs62006) Full text of article available from RICS Library (Library/Enqdesk/CSMarticles/Feb 2000)
650 ## - SUBJECT ADDED ENTRY--TOPICAL TERM
Topical term or geographic name entry element PROPERTY-LANDLORD AND TENANT-TENANCIES-AGRICULTURAL TENANCIES
650 ## - SUBJECT ADDED ENTRY--TOPICAL TERM
Topical term or geographic name entry element TAXATION
650 ## - SUBJECT ADDED ENTRY--TOPICAL TERM
Topical term or geographic name entry element VALUATIONS
650 ## - SUBJECT ADDED ENTRY--TOPICAL TERM
Topical term or geographic name entry element APPORTIONMENT TEST
690 ## - LOCAL SUBJECT ADDED ENTRY--TOPICAL TERM (OCLC, RLIN)
Topical term or geographic name as entry element TAXATION
700 ## - ADDED ENTRY--PERSONAL NAME
Personal name Hart, C.
942 ## - ADDED ENTRY ELEMENTS (KOHA)
Suppress in OPAC 0
Holdings
Withdrawn status Lost status Source of classification or shelving scheme Damaged status Not for loan Home library Current library Shelving location Date acquired Total Checkouts Barcode Date last seen Copy number Price effective from Koha item type
    Dewey Decimal Classification     London London Journal article 18/05/2001   112664-1001 06/08/2019 1 06/08/2019 Journal article